|
|
|
|
| LEADER |
00000cam a2200000 7i4500 |
| 001 |
0000004650 |
| 005 |
20151222.0 |
| 008 |
070730 |
| 020 |
|
|
|a 9679715310
|
| 020 |
|
|
|a 9679715345(set)
|
| 090 |
0 |
0 |
|a JF
|b MOR MAL (4775)
|
| 100 |
0 |
|
|a Muhamad Ismail Ahmad
|
| 245 |
1 |
0 |
|a Samseng di kalangan pelajar dan remaja
|c Mohamad Ismail Ahmad ;Suziana Che Wil
|
| 260 |
|
|
|a Selangor :
|b Flo Enterprise ,
|c 2006
|
| 440 |
|
|
|a Siri OPS jenayah
|
| 500 |
|
|
|a Children ages 7-9 years old (orange)
|
| 650 |
|
0 |
|a Junior fiction
|x Malay
|x Languages
|
| 650 |
|
0 |
|a Moral
|
| 999 |
|
|
|a 0000917874
|b Book
|c Children Collection
|e Cawangan Bukit Gambir
|
| 999 |
|
|
|a 0000917875
|b Book
|c Children Collection
|e Cawangan Bukit Gambir
|
| 999 |
|
|
|a 0000917876
|b Book
|c Children Collection
|e Cawangan Bukit Gambir
|
| 999 |
|
|
|a 0000928407
|b Book
|c Children Collection
|e Cawangan Tangkak
|
| 999 |
|
|
|a 0000928408
|b Book
|c Children Collection
|e Cawangan Tangkak
|
| 999 |
|
|
|a 0000928409
|b Book
|c Children Collection
|e Cawangan Tangkak
|
| 999 |
|
|
|a 0000976582
|b Book
|c Children Collection
|e Perbadanan Perpustakaan Awam Johor
|
| 999 |
|
|
|a 0000976583
|b Book
|c Children Collection
|e Cawangan Pontian
|
| 999 |
|
|
|a 0000976585
|b Book
|c Children Collection
|e Cawangan Bandar Tenggara
|
| 999 |
|
|
|a 0000976586
|b Book
|c Children Collection
|e Perbadanan Perpustakaan Awam Johor
|
| 999 |
|
|
|a 0000986298
|b Book
|c Children Collection
|e Cawangan Taman Universiti
|
| 999 |
|
|
|a 0000986299
|b Book
|c Children Collection
|e Cawangan Segamat
|